<?xml version="1.0" encoding="UTF-8"?>
<record
    xmlns:xsi="http://www.w3.org/2001/XMLSchema-instance"
    xsi:schemaLocation="http://www.loc.gov/MARC21/slim http://www.loc.gov/standards/marcxml/schema/MARC21slim.xsd"
    xmlns="http://www.loc.gov/MARC21/slim">

  <leader>03204nam a2200301Ia 4500</leader>
  <controlfield tag="001">114232</controlfield>
  <controlfield tag="003">DR-UNIBE</controlfield>
  <controlfield tag="005">20251124111555.0</controlfield>
  <controlfield tag="008">251124b2003    dr ||||| |||| 00| 0 spa d</controlfield>
  <datafield tag="020" ind1=" " ind2=" ">
    <subfield code="a">9993495301 (volumen 1)</subfield>
  </datafield>
  <datafield tag="040" ind1=" " ind2=" ">
    <subfield code="a">BIBLIOTECA UNIBE</subfield>
    <subfield code="c">BIBLIOTECA UNIBE</subfield>
    <subfield code="b">spa</subfield>
  </datafield>
  <datafield tag="041" ind1=" " ind2=" ">
    <subfield code="a">spa</subfield>
    <subfield code="h">spa</subfield>
  </datafield>
  <datafield tag="082" ind1="0" ind2=" ">
    <subfield code="a">RD 342.7293 J82d 2003</subfield>
  </datafield>
  <datafield tag="100" ind1="1" ind2=" ">
    <subfield code="a">Jorge Prats, Eduardo,</subfield>
    <subfield code="9">8540</subfield>
    <subfield code="d">1964-</subfield>
    <subfield code="e">autor</subfield>
  </datafield>
  <datafield tag="245" ind1="1" ind2="0">
    <subfield code="a">Derecho constitucional. Volumen 1 / </subfield>
    <subfield code="c">Eduardo Jorge Prats</subfield>
  </datafield>
  <datafield tag="250" ind1=" " ind2=" ">
    <subfield code="a">Primera edici&#xF3;n</subfield>
  </datafield>
  <datafield tag="260" ind1=" " ind2=" ">
    <subfield code="a">Santo Domingo : </subfield>
    <subfield code="b">Gaceta Judicial,</subfield>
    <subfield code="c">2003</subfield>
  </datafield>
  <datafield tag="300" ind1=" " ind2=" ">
    <subfield code="a">vol&#xFA;menes</subfield>
  </datafield>
  <datafield tag="490" ind1=" " ind2=" ">
    <subfield code="a">Gaceta Judicial. Colecci&#xF3;n Manuales</subfield>
  </datafield>
  <datafield tag="504" ind1=" " ind2=" ">
    <subfield code="a">Incluye referencias bibliogr&#xE1;ficas al final de cada cap&#xED;tulo e &#xED;ndice</subfield>
  </datafield>
  <datafield tag="505" ind1="0" ind2=" ">
    <subfield code="a">Dedicatoria |
Pr&#xF3;logo |
PARTE I: CONSTITUCI&#xD3;N, CONSTITUCIONALISMO, DERECHO CONSTITUCIONAL Y ESTADO |
Cap&#xED;tulo 1. Aproximaci&#xF3;n al constitucionalismo |
Cap&#xED;tulo 2. Constituci&#xF3;n y derecho constitucional |
Cap&#xED;tulo 3. El poder constitucional |
Cap&#xED;tulo 4. El Estado |
PARTE II: MET&#xD3;DICA CONSTITUCIONAL |
Cap&#xED;tulo 5. La Constituci&#xF3;n como norma |
Cap&#xED;tulo 6. Constituci&#xF3;n y ordenamiento jur&#xED;dico |
Cap&#xED;tulo 7. La Constituci&#xF3;n como sistema abierto |
Cap&#xED;tulo 8. La interpretaci&#xF3;n constitucional |
PARETE III: EL CONTROL DE LA CONSTITUCIONALIDAD |
Cap&#xED;tulo 9. Los modelos de control de constitucionalidad |
Cap&#xED;tulo 10. El sistema dominicano de control de constitucionalidad |
Cap&#xED;tulo 11. Las sentencias constitucionales |
PARTE IV: EL DERECHO CONSTITUCIONAL DE LAS NORMAS |
Cap&#xED;tulo 12. Las fuentes del derecho |
Cap&#xED;tulo 13. Las fuentes internacionales y supranacionales |
Cap&#xED;tulo 14. La ley |
Cap&#xED;tulo 15. El reglamento |
Cap&#xED;tulo 16. La jurisprudencia |
Cap&#xED;tulo 17. La costumbre |
PARTE V. LA REP&#xDA;BLICA DOMINICANA Y SUS PRINCIPIOS ESTRUCTURALES |
Cap&#xED;tulo 18. El principio de la dignidad humana |
Cap&#xED;tulo 19. El principio democr&#xE1;tico |
Cap&#xED;tulo 20. El principio republicano |
Cap&#xED;tulo 21. El principio del estado de derecho |
Cap&#xED;tulo 22. El principio del estado social |
Cap&#xED;tulo 23. El principio del estado unitario |
Cap&#xED;tulo 24. El principio del estado abierto al derecho internacional y a la integraci&#xF3;n americana |
&#xCD;ndice anal&#xED;tico</subfield>
  </datafield>
  <datafield tag="520" ind1="3" ind2=" ">
    <subfield code="a">Esta obra parte del presupuesto de que el Derecho Constitucional permite la cr&#xED;tica del Derecho desde el Derecho mismo porque la Constituci&#xF3;n, sobre todo, contiene normas que rigen la producci&#xF3;n de normas, tanto a nivel formal o procesal como a nivel sustancial o de contenido. De ah&#xED; que el libro toma la Constituci&#xF3;n en serio y no es permeado por el escepticismo de quienes invalidan la Constituci&#xF3;n a partir de pr&#xE1;cticas pol&#xED;ticas o sociales. El Derecho Constitucional debe construir puentes entre la normatividad y la facticidad que acerquen las pr&#xE1;cticas de instituciones, autoridades y ciudadanos a los preceptos constitucionales y que permitan revisar estos preceptos a la luz de estas pr&#xE1;cticas.</subfield>
  </datafield>
  <datafield tag="650" ind1=" " ind2="7">
    <subfield code="a">Derecho constitucional</subfield>
    <subfield code="9">5528</subfield>
    <subfield code="2">lemb</subfield>
  </datafield>
  <datafield tag="651" ind1=" " ind2="7">
    <subfield code="2">lemb</subfield>
    <subfield code="a">Rep&#xFA;blica Dominicana</subfield>
    <subfield code="x">Derecho constitucional</subfield>
    <subfield code="9">5535</subfield>
  </datafield>
  <datafield tag="655" ind1=" " ind2="7">
    <subfield code="2">lemb</subfield>
    <subfield code="a">Manuales</subfield>
    <subfield code="9">194534</subfield>
  </datafield>
  <datafield tag="942" ind1=" " ind2=" ">
    <subfield code="c">BK</subfield>
    <subfield code="2">ddc</subfield>
  </datafield>
  <datafield tag="951" ind1=" " ind2=" ">
    <subfield code="a">20101116 07:27:11</subfield>
  </datafield>
  <datafield tag="999" ind1=" " ind2=" ">
    <subfield code="c">114232</subfield>
    <subfield code="d">114232</subfield>
  </datafield>
  <datafield tag="952" ind1=" " ind2=" ">
    <subfield code="0">0</subfield>
    <subfield code="1">0</subfield>
    <subfield code="2">ddc</subfield>
    <subfield code="7">0</subfield>
    <subfield code="8">GEN-RD</subfield>
    <subfield code="a">Principal</subfield>
    <subfield code="d">2025-09-24</subfield>
    <subfield code="l">0</subfield>
    <subfield code="o">RD 342.7293 J82d_2003</subfield>
    <subfield code="p">251099</subfield>
    <subfield code="r">2025-11-24 11:13:20</subfield>
    <subfield code="t">Vol. 1 Ej. 1</subfield>
    <subfield code="w">2025-11-24</subfield>
    <subfield code="y">BK</subfield>
  </datafield>
</record>
